00265nam a2200097Ia 4500008004100000100002000041245002800061245001800089260000900107856005100116160531s9999 xx 000 0 und d aHazlitt, Henry. aEconomics in one lesson cHenry Hazlitt c2011 uhttps://mises.org/library/economics-one-lesson